000 00403nam a2200169Ia 4500
008 230711s9999||||xx |||||||||||||| ||und||
020 _a978-81-208-3241-1
041 _aENG
082 _a800
_bKR-C
100 _aKrishnamurti,J
245 0 _aCollected works-i
250 _a1st . Ed.
260 _c1991
_aDelhi
_bMotilal Banarsidass Publishers
300 _a270
650 _aLiterature
942 _cBK
999 _c5291
_d5291